000 00271nam a2200121 i 4500
001 bg
245 0 _aTechnologija metallov i materialovedenie.
260 _aMoskva,
_c1987.
040 _cBPK
041 _apol
942 _cKS
008 s pl f |000 0 pol
999 _c23611
_d23611
856 _uhttp://koha.tu.koszalin.pl/cgi-bin/koha/opac-detail.pl?biblionumber=23611
_yKatalog online BPK